Sports Quiz

Random Sports or WWE Quiz

WWE Royal Rumble winners 88-09 Quiz Stats

 Plays Quiz not verified by Sporcle

Challenge
Share
Tweet
Embed
Score 0/22 Timer 04:00
0 Plays Today
Year Winner % Correct
2007The Undertaker
89.8%
2008John Cena
88.4%
1995Shawn Michaels
87.9%
1996Shawn Michaels
87.9%
1990Hulk Hogan
87.8%
1991Hulk Hogan
87.8%
2000The Rock
87.8%
2002Triple H
87%
1997Steve Austin
86.1%
1998Steve Austin
86.1%
2001Steve Austin
86.1%
Year Winner % Correct
2009Randy Orton
83.5%
1994Bret Hart & Lex Luger
82.9%
2005Batista
82%
2006Rey Mysterio
80.2%
1992Ric Flair
76.3%
2004Chris Benoit
76%
1988Jim Duggan
74.3%
2003Brock Lesnar
72%
1999Vince McMahon
70.4%
1993Yokozuna
67.6%
1989Big John Studd
56.8%

You're not logged in!

Compare scores with friends on all Sporcle quizzes.
OR
Log In

You Might Also Like...

Show Comments

Extras

Created Jan 15, 2010ReportNominate
Tags:WWE Quiz, royal, rumble, winner

Top Quizzes Today


Score Distribution

Your Account Isn't Verified!

In order to create a playlist on Sporcle, you need to verify the email address you used during registration. Go to your Sporcle Settings to finish the process.

Report this User

Report this user for behavior that violates our Community Guidelines.

Details: